تقابل ادیان (Record no. 553908)

000 -LEADER
fixed length control field 00316nam a22001217a 4500
082 ## - DEWEY DECIMAL CLASSIFICATION NUMBER
Classification number 297.61
Author Mark M Yousaf
-- Masjid
100 ## - MAIN ENTRY--PERSONAL NAME
Personal name Muhammad Yousaf Khan
9 (RLIN) 51147
245 ## - TITLE STATEMENT
Title تقابل ادیان
260 ## - PUBLICATION, DISTRIBUTION, ETC.
Place of publication, distribution, etc. Lahore
Name of publisher, distributor, etc. Bait Ul Aloom
300 ## - PHYSICAL DESCRIPTION
Extent 231
526 ## - STUDY PROGRAM INFORMATION NOTE
Program name 0
Interest level 0
Reading level 0
Title point value 297_610000000000000_M_YOUFAF
942 ## - ADDED ENTRY ELEMENTS (KOHA)
Source of classification or shelving scheme
Koha item type Book
Holdings
Withdrawn status Lost status Source of classification or shelving scheme Damaged status Not for loan Permanent Location Current Location Date acquired Total Checkouts Total Renewals Full call number Barcode Date last seen Date last checked out Copy number Price effective from Koha item type
          Military College of Engineering (MCE) Military College of Engineering (MCE) 07/13/2017 2 2 297.61 M Youfaf MCE-202M 05/05/2020 04/13/2020 1 07/13/2017 Book
© 2023 Central Library, National University of Sciences and Technology. All Rights Reserved.